00454 a2200109 4500001001000000005001700010008004100027245018900068100001900257773005100276999001700327ART_1890520260410161704.0260409a 10aImpuestos internos. Ley Nº 24.674 y sus modificaciones. Bebidas alcoholicas. Bebidas analcoholicas, jarabes, extractos y concentrados. Ley Nº 3.764, t.o. en 1979 y sus modificaciones1 aBaldo, Alberto0 tRevista Impuestosg- Nº 3 (feb. 2010)wREV639 c15444d15444